MARC details
| 000 -CABECERA |
| campo de control de longitud fija |
01762nam a2200301 4500 |
| 003 - IDENTIFICADOR DEL NÚMERO DE CONTROL |
| campo de control |
EC-UNACH |
| 005 - FECHA Y HORA DE LA ÚLTIMA TRANSACCIÓN |
| campo de control |
20251107125046.0 |
| 006 - CÓDIGOS DE INFORMACIÓN DE LONGITUD FIJA--CARACTERÍSTICAS DEL MATERIAL ADICIONAL |
| campo de control de longitud fija |
s||||gr|||| 00| 00 |
| 008 - DATOS DE LONGITUD FIJA--INFORMACIÓN GENERAL |
| campo de control de longitud fija |
150116t9999 mx r gr 000 0 spa d |
| 020 ## - NÚMERO INTERNACIONAL ESTÁNDAR DEL LIBRO |
| Número Internacional Estándar del Libro |
84-7442-300-7 |
| 040 ## - FUENTE DE LA CATALOGACIÓN |
| Centro catalogador/agencia de origen |
EC-UNACH |
| Centro/agencia transcriptor |
EC-UNACH |
| 041 ## - CÓDIGO DE LENGUA |
| Código de lengua del texto/banda sonora o título independiente |
spa |
| 082 04 - NÚMERO DE LA CLASIFICACIÓN DECIMAL DEWEY |
| Número de edición |
23 |
| Número de clasificación |
070.4 |
| Número de documento/Ítem |
L017966 |
| 110 ## - ENTRADA PRINCIPAL--NOMBRE DE ENTIDAD CORPORATIVA |
| Nombre de entidad corporativa o nombre de jurisdicción como elemento de entrada |
Editorial ATE |
| 245 ## - MENCIÓN DE TÍTULO |
| Título |
Teoría y practica del periodismo cultural |
| 250 ## - MENCIÓN DE EDICIÓN |
| Mención de edición |
Primera edición |
| 264 ## - Producción, publicación, distribución, fabricación y copyright |
| Lugar de producción, publicación, distribución, fabricación |
España |
| Nombre del de productor, editor, distribuidor, fabricante |
Editorial ATE |
| Fecha de de producción, publicación, distribución, fabricación o copyright |
1982 |
| 300 ## - DESCRIPCIÓN FÍSICA |
| Extensión |
182 |
| 505 ## - NOTA DE CONTENIDO CON FORMATO |
| Nota de contenido con formato |
Primera parte: Información - Correveidiles o expertos - Lectura de le monde - Escríbeme a lista de correos - Ordenar un mosaico - Doce lunas , cuatro estaciones- - Segunda parte - Cultura - El siglo de las masas - la rebelión de Ortega, El malestar de Freud, Cajón de sastre del socialismo real - Áticos ,sótanos y escaleras de servicio - Dentro o fuera :los árbitros del gusto Apocalipsis e integración de medios y mensajes , la ilustración española - - Contra la Cultura , contracultura - tecnología o libertad , un buen hombre llamado Goodman - Niños floridos , ángeles subterráneos- Ser obrero no es ninguna ganga - Al este por el Oeste :California - El simulacro desencantado - Inclusiones provisionales - - Tercera parte : Pasatiempos - El caso del muerto inoportuno - El juego del articulo descuartizado - La controvertida piel de la Cavani - La entrevista popular y el dialogo distinguido - Los suplementos culturales - El resto es literatura |
| 650 ## - PUNTO DE ACCESO ADICIONAL DE MATERIA--TÉRMINO DE MATERIA |
| Término de materia o nombre geográfico como elemento inicial |
CORREVEIDILES O EXPERTOS |
| 650 ## - PUNTO DE ACCESO ADICIONAL DE MATERIA--TÉRMINO DE MATERIA |
| Término de materia o nombre geográfico como elemento inicial |
LECTURA DE LE MONDE |
| 650 ## - PUNTO DE ACCESO ADICIONAL DE MATERIA--TÉRMINO DE MATERIA |
| Término de materia o nombre geográfico como elemento inicial |
LISTA DE CORREOS |
| 700 ## - PUNTO DE ACCESO ADICIONAL--NOMBRE DE PERSONA |
| Nombre de persona |
Iván Tubau |
| 942 ## - ELEMENTOS DE PUNTO DE ACCESO ADICIONAL (KOHA) |
| Fuente del sistema de clasificación o colocación |
Clasificación Decimal Dewey |
| Tipo de ítem Koha |
Libros |
| 999 ## - NÚMEROS DE CONTROL DE SISTEMA (KOHA) |
| Koha biblionumber |
14156 |